Európska únia a Turecko - navždy milenci alebo čoskoro manželia?

Problémy so vstupom Turecka do Európskej únie. Stručná genéza vzťahov Turecka a Európskej únie. Porovnanie základných demografických a ekonomických indikátorov. Turecko v EÚ - prečo áno? Turecko v EÚ - prečo nie?

Enregistré dans:
Détails bibliographiques
Auteur principal: Grančay, Martin, 1984-2024
Autres auteurs: Fodorová, Veronika
Format: Chapitre de livre
Langue:slovaque
Sujets:
Tags: Ajouter un tag
Pas de tags, Soyez le premier à ajouter un tag!

MARC

LEADER 00000naa$a2200000$$$4500
001 0116193
005 20240502072309.2
041 0 |a slo 
044 |a SK 
245 1 0 |a Európska únia a Turecko - navždy milenci alebo čoskoro manželia? 
520 |a Problémy so vstupom Turecka do Európskej únie. Stručná genéza vzťahov Turecka a Európskej únie. Porovnanie základných demografických a ekonomických indikátorov. Turecko v EÚ - prečo áno? Turecko v EÚ - prečo nie? 
610 2 0 |a integrácia ekonomická medzinárodná 
610 2 0 |a ukazovatele demografické 
610 2 0 |a ukazovatele ekonomické 
610 2 0 |a Európska únia 
610 2 0 |a Turecko 
100 1 |a Grančay, Martin, 1984-2024 
700 1 |a Fodorová, Veronika